000 00573nam a2200181 i 4500
001 20685
003 ES-MaACL
007 t|
008 021115s1876 ddr ||||1| eng d
100 1 _aAinsworth, William Harrison.
_918986
245 1 0 _aChetruyud Calverley
_b: a tale /
_cby William Harrison Ainsworth.
260 _aLeipzig :
_bBeruhard Tauchnit,
_c1876.
300 _a2 t. en 1 v. ;
_c16 cm.
490 1 _aCollection of British authors ;
_v1597-8
830 0 _aCollection of British authors ;
_v1597-8
_9180703
852 _aES-MaACL
_jG-12203
999 _c20685
_d20685